Truyện ngắn hay Tuổi trẻ chủ nhật 1999 - 2002.
Đã lưu trong:
| Formáid: | Sách giấy |
|---|---|
| Teanga: | Vietnamese |
| Foilsithe: |
Tp. Hồ Chí Minh :
Trẻ,
2007.
|
| Ábhair: | |
| Clibeanna: |
Cuir Clib Leis
Gan Chlibeanna, Bí ar an gcéad duine leis an taifead seo a chlibeáil!
|
| Thư viện lưu trữ: | Thư viện Trường Đại học Đà Lạt |
|---|
| LEADER | 00737nam a2200301 4500 | ||
|---|---|---|---|
| 001 | DLU080061712 | ||
| 005 | ##20080107 | ||
| 040 | # | # | |a DLU |b vie |
| 041 | # | # | |a vie |
| 044 | # | # | |a vn |
| 082 | # | # | |a 895.922 3 |b Tru |
| 245 | # | # | |a Truyện ngắn hay Tuổi trẻ chủ nhật 1999 - 2002. |
| 260 | # | # | |a Tp. Hồ Chí Minh : |b Trẻ, |c 2007. |
| 300 | # | # | |a 237 tr. ; |c 20 cm. |
| 653 | # | # | |a Sưu tập văn học |
| 653 | # | # | |a Truyện ngắn |
| 653 | # | # | |a Văn học hiện đại |
| 653 | # | # | |a Văn học Việt Nam |
| 923 | # | # | |a 24/2007 |
| 992 | # | # | |a 34000 |
| 994 | # | # | |a DLU |
| 900 | # | # | |a True |
| 911 | # | # | |a Nguyễn Thanh Hương |
| 925 | # | # | |a G |
| 926 | # | # | |a A |
| 927 | # | # | |a SH |
| 980 | # | # | |a Thư viện Trường Đại học Đà Lạt |